000 00781nam a2200253Ia 4500
001 9839
003 GE_BSU
008 181216s||||||||xx |||||||||||||| ||und||
020 _a9992843977
040 _cGE_BSU
080 _a82-93:821.353.1-1
100 _aანანიძე,ლევან
245 _aვაჩუქოთ ბავშვებს ბედნიერება
245 _bლექსები
245 _cრედ:ბელა,ქებურია
260 _aბათუმი
260 _bალიონი
260 _c2005
300 _a165გვ;ილ.19სმ.
541 _h3ლ
653 _aვაჩუქოთ ბავშვებს ბედნიერება
653 _aლექსები
942 _cBK
999 _c43118
_d43118